[Event "Titled Tuesday intern op 19th Dec Early"]
[Site "Chess.com INT"]
[Date "2023.12.19"]
[Round "3"]
[White "Ter Sahakyan, Samvel"]
[Black "Zemach, Roee"]
[Result "1-0"]
[WhiteElo "2643"]
[BlackElo "2276"]
[PlyCount "83"]
[EventDate "2023.12.19"]
[EventType "swiss (blitz)"]
[EventRounds "11"]
[EventCountry "USA"]
[SourceTitle "CB52_2023"]
[SourceDate "2023.12.27"]
[SourceVersion "1"]
[SourceVersionDate "2023.12.27"]
[SourceQuality "1"]

1. d4 d5 2. c4 e6 3. Nf3 a6 4. Bg5 Be7 5. h4 h6 6. Bxe7 Qxe7 7. Nbd2 Nf6 8. g3 0-0 9. Bg2 b6 10. 0-0 Bb7 11. Rc1 Rc8 12. cxd5 exd5 13. e3 Nbd7 14. Nb1 c5 15. Nc3 Rd8 16. Re1 Rac8 17. Re2 Ne4 18. Rec2 Ndf6 19. Ne5 Nxc3 20. Rxc3 c4 21. g4 b5 22. g5 hxg5 23. hxg5 Ne4 24. Bxe4 dxe4 25. Qh5 g6 26. Qh4 Rd5 27. Kg2 Rxe5 28. dxe5 Qxe5 29. Rd1 Qf5 30. Qf4 Qxf4 31. exf4 e3+ 32. Kg3 exf2 33. Kxf2 Be4 34. Rd4 Bf5 35. b3 Be6 36. Rc1 Rc5 37. Ke3 a5 38. bxc4 Bxc4 39. a4 Rf5 40. axb5 Bxb5 41. Rc8+ Kg7 42. Rdd8 1-0

[Event "Titled Tuesday intern op 18th Apr Late"]
[Site "Chess.com INT"]
[Date "2023.04.18"]
[Round "2"]
[White "Dubreuil, Julien"]
[Black "Zemach, Roee"]
[Result "0-1"]
[WhiteElo "2173"]
[BlackElo "2242"]
[PlyCount "62"]
[EventDate "2023.04.18"]
[EventType "swiss (blitz)"]
[EventRounds "11"]
[EventCountry "USA"]
[SourceTitle "EXT 2024"]
[Source "ChessBase"]
[SourceDate "2023.10.10"]
[SourceVersion "1"]
[SourceVersionDate "2023.10.10"]
[SourceQuality "1"]

1. e4 c6 2. Nf3 d5 3. exd5 cxd5 4. Ne5 Nc6 5. d4 Nf6 6. Bb5 Bd7 7. Nxd7 Qxd7 8. c3 e6 9. 0-0 Bd6 10. Re1 0-0 11. Nd2 h6 12. g3 a6 13. Bd3 b5 14. Nf3 b4 15. Ne5 Qc7 16. Nxc6 Qxc6 17. cxb4 Bxb4 18. Bd2 Bxd2 19. Qxd2 Rab8 20. b3 Qb6 21. Rac1 Rfc8 22. Rxc8+ Rxc8 23. Bb1 a5 24. Re3 a4 25. Rc3 Rb8 26. Qc2 g6 27. Rc8+ Rxc8 28. Qxc8+ Kg7 29. Qc5 Qa6 30. b4 Qe2 31. Bc2 Ng4 0-1

[Event "Ramat Gan Shavuot Rapid"]
[Site "Ramat Gan"]
[Date "2022.06.04"]
[Round "2"]
[White "Zemach, Roee"]
[Black "Bronstein, Or"]
[Result "0-1"]
[WhiteElo "2278"]
[BlackElo "2476"]
[PlyCount "66"]
[EventDate "2022.06.04"]
[EventType "swiss (rapid)"]
[EventRounds "6"]
[EventCountry "ISR"]
[SourceTitle "CBM 208 Extra"]
[Source "ChessBase"]
[SourceDate "2022.07.31"]
[SourceVersion "1"]
[SourceVersionDate "2022.07.31"]
[SourceQuality "1"]

1. e4 c5 2. Nf3 d6 3. d4 cxd4 4. Nxd4 Nf6 5. Nc3 Bd7 6. Bg5 e6 7. Qd2 a6 8. 0-0-0 h6 9. Bxf6 Qxf6 10. f4 Nc6 11. Nb3 g5 12. g3 0-0-0 13. Na4 Be8 14. Na5 gxf4 15. gxf4 Nxa5 16. Qxa5 Qxf4+ 17. Rd2 Qxe4 18. Nb6+ Kb8 19. Bg2 Qh4 20. Na8 d5 21. Nc7 Bb4 22. Nxa6+ bxa6 23. Qb6+ Kc8 24. Rd4 Qg5+ 25. Kb1 Qxg2 26. Rhd1 Bd6 27. Qxa6+ Kc7 28. Qa7+ Kc8 29. R4d3 Bc6 30. Rc3 d4 31. Rc4 Qd5 32. Rcxd4 Qc5 33. Qa6+ Bb7 0-1

[Event "ISR-ch op"]
[Site "Safed"]
[Date "2021.12.15"]
[Round "8"]
[White "Zemach, Roee"]
[Black "Levitan, Ronit"]
[Result "0-1"]
[WhiteElo "2299"]
[BlackElo "2056"]
[PlyCount "102"]
[EventDate "2021.12.08"]
[EventType "swiss"]
[EventRounds "9"]
[EventCountry "ISR"]
[SourceTitle "CBM 205 Extra"]
[Source "ChessBase"]
[SourceDate "2022.01.31"]
[SourceVersion "1"]
[SourceVersionDate "2022.01.31"]
[SourceQuality "1"]

1. e4 e5 2. Nf3 Nc6 3. Bb5 a6 4. Ba4 Nf6 5. 0-0 Nxe4 6. d4 b5 7. Bb3 d5 8. dxe5 Be6 9. Nbd2 Nc5 10. c3 Bf5 11. a4 b4 12. cxb4 Nxb4 13. Nd4 Bd3 14. Re1 Nxb3 15. Qxb3 c5 16. Nc6 c4 17. Qxb4 Bxb4 18. Nxd8 Rxd8 19. Re3 0-0 20. Rg3 Rfe8 21. Nf3 Be4 22. Nd4 Bc5 23. Be3 Rd7 24. Rd1 Rb7 25. Ne2 Bxe3 26. Rxe3 Rxb2 27. Nc3 Reb8 28. Nxe4 dxe4 29. Kf1 Rb1 30. Ke1 a5 31. Rxe4 Rxd1+ 32. Kxd1 Rb4 33. Kc2 Rxa4 34. Rf4 g6 35. Rf6 Ra3 36. Rf4 a4 37. h4 Ra2+ 38. Kc3 a3 39. Kxc4 Re2 40. Kd3 a2 41. Ra4 Rxf2 42. g4 Rh2 43. g5 Rh3+ 44. Kd2 Rxh4 45. Ra8+ Kg7 46. Kd3 Rg4 47. e6 Rxg5 48. exf7 Kxf7 49. Rxa2 h5 50. Ke3 Rf5 51. Ra6 Kg7 0-1

[Event "Tel Aviv"]
[Site "Tel Aviv"]
[Date "2021.11.30"]
[Round "3"]
[White "Zemach, Roee"]
[Black "Aizenberg, Benny"]
[Result "1-0"]
[WhiteElo "2297"]
[BlackElo "2299"]
[PlyCount "65"]
[EventDate "2021.11.28"]
[EventType "tourn"]
[EventRounds "9"]
[EventCountry "ISR"]
[EventCategory "2"]
[SourceTitle "CBM 205 Extra"]
[Source "ChessBase"]
[SourceDate "2022.01.31"]
[SourceVersion "1"]
[SourceVersionDate "2022.01.31"]
[SourceQuality "1"]

1. e4 c5 2. Nf3 e6 3. d4 cxd4 4. Nxd4 Nc6 5. Nc3 Qc7 6. Be3 a6 7. Bd3 Nf6 8. 0-0 Ne5 9. h3 b5 10. f4 Nxd3 11. cxd3 b4 12. Na4 Bb7 13. Rc1 Qd8 14. g4 d6 15. g5 Nd7 16. f5 e5 17. Ne6 fxe6 18. Qh5+ Ke7 19. fxe6 Qe8 20. Rf7+ Kxe6 21. g6 hxg6 22. Qxg6+ Nf6 23. Rcc7 Be7 24. Rcxe7+ Qxe7 25. Rxe7+ Kxe7 26. Qxg7+ Ke6 27. Bg5 Raf8 28. Qxb7 Rxh3 29. Nc5+ dxc5 30. Qc6+ Ke7 31. Bxf6+ Rxf6 32. Qc7+ Ke8 33. Qc8+ 1-0

[Event "Tel Aviv"]
[Site "Tel Aviv"]
[Date "2021.11.29"]
[Round "2"]
[White "Kantsler, Boris"]
[Black "Zemach, Roee"]
[Result "1/2-1/2"]
[WhiteElo "2412"]
[BlackElo "2297"]
[PlyCount "64"]
[EventDate "2021.11.28"]
[EventType "tourn"]
[EventRounds "9"]
[EventCountry "ISR"]
[EventCategory "2"]
[SourceTitle "CBM 205 Extra"]
[Source "ChessBase"]
[SourceDate "2022.01.31"]
[SourceVersion "1"]
[SourceVersionDate "2022.01.31"]
[SourceQuality "1"]

1. d4 Nf6 2. c4 e6 3. Nc3 Bb4 4. e3 0-0 5. Bd3 d5 6. Nf3 dxc4 7. Bxc4 c5 8. 0-0 cxd4 9. exd4 b6 10. Bg5 Bb7 11. Rc1 h6 12. Bh4 Nc6 13. a3 Be7 14. Ba2 Rc8 15. Re1 Nh5 16. Bg3 Nxg3 17. hxg3 Bf6 18. d5 exd5 19. Bxd5 Na5 20. Bxb7 Nxb7 21. Nd5 Rxc1 22. Nxf6+ Qxf6 23. Qxc1 Nc5 24. Qc2 Rd8 25. b4 Ne6 26. Rd1 Nd4 27. Nxd4 Rxd4 28. Rxd4 Qxd4 29. Qc8+ Kh7 30. Qf5+ Kg8 31. Qc8+ Kh7 32. Qf5+ Kg8 1/2-1/2

[Event "Speed Chess Super Swiss"]
[Site "Chess.com INT"]
[Date "2021.10.16"]
[Round "3"]
[White "Matveeva, Olga"]
[Black "Zemach, Roee"]
[Result "0-1"]
[WhiteElo "2145"]
[BlackElo "2294"]
[PlyCount "62"]
[EventDate "2021.10.16"]
[EventType "swiss (blitz)"]
[EventRounds "15"]
[EventCountry "USA"]
[SourceTitle "CBM 204 Extra"]
[Source "ChessBase"]
[SourceDate "2021.11.30"]
[SourceVersion "1"]
[SourceVersionDate "2021.11.30"]
[SourceQuality "1"]

1. d4 Nf6 2. c4 b6 3. Nc3 Bb7 4. e3 e6 5. Nge2 c5 6. d5 d6 7. e4 e5 8. Ng3 g6 9. h4 h5 10. Bg5 Bg7 11. Bd3 0-0 12. Qd2 Re8 13. f3 Nbd7 14. Nge2 Qb8 15. 0-0-0 a6 16. Rdg1 b5 17. g4 bxc4 18. Bxc4 a5 19. Bh6 Bh8 20. Ng3 hxg4 21. fxg4 Ba6 22. Bxa6 Rxa6 23. h5 Qb4 24. hxg6 fxg6 25. Qg5 Kf7 26. Nf5 gxf5 27. gxf5 Rg8 28. Qh4 Rb6 29. Nd1 Rxg1 30. Rxg1 Qxe4 31. Bd2 Qxh4 0-1

[Event "Titled Tuesday intern op 31st Aug"]
[Site "Chess.com INT"]
[Date "2021.08.31"]
[Round "2"]
[White "Nguyen, Thi Minh Oanh"]
[Black "Zemach, Roee"]
[Result "0-1"]
[WhiteElo "1835"]
[BlackElo "2247"]
[PlyCount "108"]
[EventDate "2021.08.31"]
[EventType "swiss (blitz)"]
[EventRounds "11"]
[EventCountry "USA"]
[SourceTitle "EXT 2022"]
[Source "ChessBase"]
[SourceDate "2021.10.06"]
[SourceVersion "1"]
[SourceVersionDate "2021.10.06"]
[SourceQuality "1"]

1. c4 Nf6 2. g3 c5 3. Bg2 d5 4. cxd5 Nxd5 5. Nf3 Nc6 6. 0-0 e5 7. d3 Be7 8. Nc3 Be6 9. Nxd5 Bxd5 10. b3 0-0 11. Bb2 f6 12. Rc1 Rc8 13. Qd2 b6 14. Rfd1 Qd7 15. Ne1 Bxg2 16. Kxg2 Rfd8 17. Qe3 Nd4 18. Nf3 Nxf3 19. Qxf3 Qd5 20. Qxd5+ Rxd5 21. Re1 Rcd8 22. f3 a5 23. a4 Kf7 24. Rc4 R5d7 25. g4 Rb7 26. Bc3 Ra8 27. Ra1 h6 28. h4 Ke6 29. h5 Bd6 30. Bd2 Kd5 31. Be3 b5 32. axb5 Rxb5 33. Rca4 Bc7 34. Bd2 Bb6 35. b4 cxb4 36. Bxb4 Rxb4 37. Rxb4 axb4 38. Rxa8 Kd4 39. Rb8 Bc5 40. f4 exf4 41. Kf3 Bd6 42. Rb7 Kc3 43. Rxg7 b3 44. Rd7 b2 45. Rxd6 b1Q 46. Kxf4 Qf1+ 47. Ke4 Qxe2+ 48. Kf5 Qe5+ 49. Kg6 Qxd6 50. Kxh6 f5+ 51. Kg7 fxg4 52. h6 Qe7+ 53. Kg8 Qg5+ 54. Kh7 g3 0-1

[Event "Titled Tuesday intern op 31st Aug"]
[Site "Chess.com INT"]
[Date "2021.08.31"]
[Round "3"]
[White "Zemach, Roee"]
[Black "Gabrielian, Artur"]
[Result "1-0"]
[WhiteElo "2247"]
[BlackElo "2460"]
[PlyCount "185"]
[EventDate "2021.08.31"]
[EventType "swiss (blitz)"]
[EventRounds "11"]
[EventCountry "USA"]
[SourceTitle "EXT 2022"]
[Source "ChessBase"]
[SourceDate "2021.10.06"]
[SourceVersion "1"]
[SourceVersionDate "2021.10.06"]
[SourceQuality "1"]

1. d4 Nf6 2. Nf3 e6 3. Bf4 d5 4. e3 c5 5. c3 Bd6 6. Bg3 0-0 7. Bd3 Qc7 8. 0-0 b6 9. Nbd2 Ba6 10. Bxa6 Nxa6 11. Qe2 Nb8 12. dxc5 bxc5 13. e4 Bxg3 14. hxg3 Nc6 15. exd5 exd5 16. Nb3 Qb6 17. Qe3 c4 18. Qxb6 axb6 19. Nbd4 Nxd4 20. Nxd4 Ne4 21. Rfd1 Nf6 22. a3 Rfe8 23. f3 h5 24. Rd2 g6 25. Kf2 Kg7 26. Rad1 Rh8 27. Nc2 Ra5 28. Ne3 Rb5 29. Rc2 Re8 30. Rd4 Re5 31. Rcd2 Kf8 32. Rc2 Ra5 33. Rd1 Ra8 34. Rcd2 Rae8 35. Nc2 g5 36. Nd4 g4 37. Nc6 R5e6 38. Nb4 Re5 39. Nc6 Rf5 40. Nd4 Ne4+ 41. Kg1 Nxd2 42. Nxf5 Nb3 43. fxg4 hxg4 44. Rxd5 f6 45. Rd6 Re1+ 46. Kf2 Rb1 47. Rxf6+ Ke8 48. Rxb6 Rxb2+ 49. Kg1 Rc2 50. Nd6+ Kd7 51. Nxc4 Rxc3 52. Ne5+ Kc7 53. Rb4 Nd2 54. Nxg4 Rxa3 55. Rf4 Kd6 56. Kh2 Ke6 57. Rf2 Ne4 58. Rf3 Ra2 59. Ne3 Ng5 60. Rf4 Nf7 61. Re4+ Kf6 62. Rf4+ Kg7 63. g4 Ng5 64. Nf5+ Kg6 65. Ng3 Kg7 66. Rc4 Kf6 67. Rc6+ Kf7 68. Nf5 Ne4 69. Nd6+ Nxd6 70. Rxd6 Ra3 71. g3 Kg7 72. Kh3 Ra5 73. Kh4 Rb5 74. g5 Rb1 75. Kh5 Rh1+ 76. Kg4 Ra1 77. Rc6 Rb1 78. Rc4 Ra1 79. Rf4 Rb1 80. Kh5 Rh1+ 81. Rh4 Rg1 82. Rb4 Rxg3 83. Rb7+ Kf8 84. Kh6 Rg1 85. Rb8+ Kf7 86. Rb7+ Kf8 87. Kg6 Rg2 88. Rb8+ Ke7 89. Rh8 Rg1 90. Rh5 Ke6 91. Rh2 Ke7 92. Rf2 Rg3 93. Kh6 1-0

[Event "Titled Tuesday intern op 06th July"]
[Site "Chess.com INT"]
[Date "2021.07.06"]
[Round "2"]
[White "Shalkhatsky, Vladimir"]
[Black "Zemach, Roee"]
[Result "0-1"]
[WhiteElo "2257"]
[BlackElo "2267"]
[PlyCount "34"]
[EventDate "2021.07.06"]
[EventType "swiss (blitz)"]
[EventRounds "11"]
[EventCountry "USA"]
[SourceTitle "EXT 2022"]
[Source "ChessBase"]
[SourceDate "2021.10.06"]
[SourceVersion "1"]
[SourceVersionDate "2021.10.06"]
[SourceQuality "1"]

1. d4 Nf6 2. Nf3 e6 3. g3 d5 4. Bg2 Be7 5. 0-0 0-0 6. c4 dxc4 7. Ne5 Nc6 8. Bxc6 bxc6 9. Nxc6 Qe8 10. Nxe7+ Qxe7 11. Qa4 e5 12. d5 Bb7 13. Nc3 Nxd5 14. Qxc4 Nxc3 15. Qxc3 Rfd8 16. Be3 Qd6 17. Rfd1 Qxd1+ 0-1

[Event "Titled Tuesday intern op 06th July"]
[Site "Chess.com INT"]
[Date "2021.07.06"]
[Round "4"]
[White "Svane, Rasmus"]
[Black "Zemach, Roee"]
[Result "1-0"]
[WhiteElo "2615"]
[BlackElo "2267"]
[PlyCount "93"]
[EventDate "2021.07.06"]
[EventType "swiss (blitz)"]
[EventRounds "11"]
[EventCountry "USA"]
[SourceTitle "EXT 2022"]
[Source "ChessBase"]
[SourceDate "2021.10.06"]
[SourceVersion "1"]
[SourceVersionDate "2021.10.06"]
[SourceQuality "1"]

1. Nf3 Nf6 2. g3 d5 3. Bg2 e6 4. 0-0 Be7 5. c4 0-0 6. b3 c5 7. cxd5 Nxd5 8. Nc3 Nc6 9. Bb2 Bf6 10. Qc2 b6 11. Nxd5 exd5 12. d4 Nxd4 13. Nxd4 Bxd4 14. Bxd4 cxd4 15. Rfd1 Be6 16. Rxd4 Rc8 17. Qd2 Qf6 18. Rd1 g6 19. Bxd5 Bxd5 20. Rxd5 Rfe8 21. Rd7 Re7 22. Rd6 Qe5 23. e3 Kg7 24. Qd4 Qxd4 25. R1xd4 Rc2 26. Rd2 Rec7 27. Kg2 Rxd2 28. Rxd2 Kf6 29. Kf3 Re7 30. g4 Ke5 31. h4 Rc7 32. Ke2 f5 33. gxf5 Kxf5 34. Kf3 Re7 35. Rd5+ Ke6 36. Rd4 Rc7 37. Rc4 Rd7 38. Ke2 Kf5 39. f3 Ke5 40. f4+ Kf5 41. Kf3 Rd2 42. Rc6 Rd3 43. Rc7 Rd1 44. Rf7+ Ke6 45. Rxh7 Rf1+ 46. Ke4 a6 47. Rb7 1-0

[Event "Titled Tuesday intern op 06th July"]
[Site "Chess.com INT"]
[Date "2021.07.06"]
[Round "5"]
[White "Zemach, Roee"]
[Black "Jodorcovsky Werjivker, Paulo"]
[Result "1-0"]
[WhiteElo "2267"]
[BlackElo "2197"]
[PlyCount "149"]
[EventDate "2021.07.06"]
[EventType "swiss (blitz)"]
[EventRounds "11"]
[EventCountry "USA"]
[SourceTitle "EXT 2022"]
[Source "ChessBase"]
[SourceDate "2021.10.06"]
[SourceVersion "1"]
[SourceVersionDate "2021.10.06"]
[SourceQuality "1"]

1. d4 d5 2. c4 e6 3. Nf3 Nf6 4. g3 Bb4+ 5. Bd2 Be7 6. Bg2 0-0 7. 0-0 c6 8. Bf4 Nh5 9. Bd2 Nf6 10. Qc2 Ne4 11. Bf4 g5 12. Bc1 a5 13. Nbd2 f5 14. Ne5 Nd7 15. Nxd7 Bxd7 16. f3 Nxd2 17. Bxd2 Bf6 18. e3 f4 19. exf4 Bxd4+ 20. Kh1 gxf4 21. Bxf4 Be8 22. Rae1 Bg6 23. Qd2 Qf6 24. b3 Rae8 25. Qxa5 Bc3 26. Qc7 Bxe1 27. Rxe1 Qf7 28. Qe5 Qg7 29. Qd6 Qe7 30. Qxe7 Rxe7 31. Bd6 Rfe8 32. Bxe7 Rxe7 33. cxd5 cxd5 34. f4 Kf7 35. Kg1 Rc7 36. Re2 Rc1+ 37. Kf2 Bb1 38. Rd2 h5 39. Ke3 Rg1 40. Kd4 Re1 41. Kc5 Be4 42. Bxe4 dxe4 43. Kd4 e3 44. Rc2 e2 45. Ke3 Rd1 46. Rxe2 Rd5 47. Rc2 Kf6 48. Ke4 Rd7 49. a4 Rd1 50. Rb2 Re1+ 51. Kf3 Rf1+ 52. Kg2 Rd1 53. b4 Rd4 54. a5 Rc4 55. b5 Ra4 56. a6 bxa6 57. bxa6 Rxa6 58. Kh3 Kg6 59. Kh4 Rd6 60. Re2 Rc6 61. Re5 Rc2 62. Rxe6+ Kf7 63. Re5 Rxh2+ 64. Kg5 Rg2 65. Re3 h4 66. Kxh4 Rh2+ 67. Kg5 Rg2 68. g4 Kg7 69. f5 Rf2 70. Re7+ Kg8 71. Ra7 Kh8 72. Kf6 Rg2 73. g5 Rg4 74. g6 Rg3 75. Ra8# 1-0

[Event "Titled Tuesday intern op 06th July"]
[Site "Chess.com INT"]
[Date "2021.07.06"]
[Round "3"]
[White "Zemach, Roee"]
[Black "Morris Suzuki, Sophie"]
[Result "1-0"]
[WhiteElo "2267"]
[BlackElo "2043"]
[PlyCount "135"]
[EventDate "2021.07.06"]
[EventType "swiss (blitz)"]
[EventRounds "11"]
[EventCountry "USA"]
[SourceTitle "EXT 2022"]
[Source "ChessBase"]
[SourceDate "2021.10.06"]
[SourceVersion "1"]
[SourceVersionDate "2021.10.06"]
[SourceQuality "1"]

1. d4 e6 2. c4 c5 3. d5 exd5 4. cxd5 d6 5. Nc3 g6 6. g3 Bg7 7. Bg2 a6 8. a4 Nf6 9. Nf3 0-0 10. 0-0 Nbd7 11. Bf4 Qe7 12. Nd2 Nh5 13. Be3 Ne5 14. Qb3 Ng4 15. Nc4 Nxe3 16. Nxe3 Rb8 17. a5 f5 18. Nc4 f4 19. Ne4 fxg3 20. hxg3 Be5 21. f4 Bd4+ 22. e3 Bg7 23. Ncxd6 Kh8 24. Rae1 Bg4 25. Nc4 Rbd8 26. d6 Qd7 27. Nb6 Qc6 28. Ng5 Qxd6 29. Nf7+ Rxf7 30. Qxf7 Nxg3 31. Rf2 Be6 32. Qxb7 Bd5 33. Qxd5 Qc7 34. Qb7 Qd6 35. Qf3 Nf5 36. Nc4 Qc7 37. Qc6 Qe7 38. Rd2 Re8 39. Ne5 Nh4 40. Qd7 Qf8 41. Nf7+ Kg8 42. Ng5 Nf5 43. Bd5+ Kh8 44. Nf7+ Kg8 45. Nd6+ Kh8 46. Qxe8 Nxd6 47. Qxf8+ Bxf8 48. e4 Bg7 49. e5 Nf5 50. Be4 Nd4 51. Red1 h5 52. Rxd4 cxd4 53. Rxd4 Bh6 54. Bxg6 Bf8 55. Rd8 Kg7 56. Rxf8 Kxf8 57. f5 Ke7 58. Kg2 Kd7 59. Kh3 h4 60. Kxh4 Kc6 61. Kh5 Kb5 62. Kg5 Kxa5 63. f6 Kb4 64. f7 Kb3 65. f8Q Kxb2 66. Qb4+ Kc1 67. Qc3+ Kd1 68. Bh5# 1-0

[Event "Titled Tuesday intern op 06th July"]
[Site "Chess.com INT"]
[Date "2021.07.06"]
[Round "8"]
[White "Zemach, Roee"]
[Black "Terletsky, Oleg"]
[Result "0-1"]
[WhiteElo "2267"]
[BlackElo "2195"]
[PlyCount "172"]
[EventDate "2021.07.06"]
[EventType "swiss (blitz)"]
[EventRounds "11"]
[EventCountry "USA"]
[SourceTitle "EXT 2022"]
[Source "ChessBase"]
[SourceDate "2021.10.06"]
[SourceVersion "1"]
[SourceVersionDate "2021.10.06"]
[SourceQuality "1"]

1. e4 e5 2. Nf3 Nc6 3. Bb5 a6 4. Ba4 Nf6 5. 0-0 Be7 6. Re1 b5 7. Bb3 d6 8. c3 0-0 9. h3 Bb7 10. d3 Na5 11. Bc2 c5 12. Nbd2 Re8 13. Nf1 Bf8 14. Ng3 d5 15. Bg5 h6 16. Bd2 d4 17. cxd4 cxd4 18. Nf5 Kh7 19. Nh2 g6 20. Ng3 Rc8 21. Rf1 Bd6 22. b4 Nc6 23. a3 Rc7 24. Bb3 Bc8 25. Qb1 Qe7 26. Qa2 Be6 27. Rfb1 Bxb3 28. Qxb3 Rec8 29. a4 Rb8 30. axb5 Rxb5 31. Qa4 Nxb4 32. Bxb4 Rxb4 33. Qxa6 Rxb1+ 34. Rxb1 Kg7 35. Nf3 Nd7 36. Rb7 Nc5 37. Rxc7 Qxc7 38. Qc4 Qb6 39. Kh2 Qb1 40. Nxe5 Bxe5 41. Qxc5 Bxg3+ 42. fxg3 Qxd3 43. Qe5+ Kg8 44. Qe8+ Kg7 45. Qe5+ Kg8 46. h4 h5 47. Qe8+ Kg7 48. Qe5+ Kg8 49. Qd5 Qe3 50. Qe5 d3 51. Qe8+ Kg7 52. Qe5+ Kf8 53. Qd6+ Ke8 54. Qe5+ Kd7 55. Qd5+ Kc7 56. Qxf7+ Kb6 57. Qxg6+ Kb5 58. Qf5+ Kc4 59. Qd5+ Kc3 60. e5 d2 61. e6 Kc2 62. Qc4+ Kb1 63. Qb4+ Kc2 64. Qa4+ Kc1 65. Qa1+ Kc2 66. Qa2+ Kc1 67. Qc4+ Kb2 68. Qb4+ Kc2 69. Qc4+ Kb1 70. Qb4+ Ka2 71. Qa4+ Kb2 72. Qd1 Kc3 73. Qa4 Qxe6 74. Qa3+ Qb3 75. Qc5+ Kb2 76. Qd4+ Qc3 77. Qb6+ Kc1 78. Qh6 Kc2 79. Qg6+ Kb2 80. Qxh5 Qc2 81. Qb5+ Kc1 82. Qg5 Kb1 83. Qb5+ Kc1 84. Qg5 Kb2 85. Qb5+ Qb3 86. Qe2 Kc1 0-1

[Event "Titled Tuesday intern op 22nd June"]
[Site "Chess.com INT"]
[Date "2021.06.22"]
[Round "1"]
[White "Zemach, Roee"]
[Black "Zhigalko, Sergei"]
[Result "0-1"]
[WhiteElo "2275"]
[BlackElo "2572"]
[PlyCount "100"]
[EventDate "2021.06.22"]
[EventType "swiss (blitz)"]
[EventRounds "11"]
[EventCountry "USA"]
[SourceTitle "CBM 203 Extra"]
[Source "ChessBase"]
[SourceDate "2021.09.30"]
[SourceVersion "1"]
[SourceVersionDate "2021.09.30"]
[SourceQuality "1"]

1. d4 Nf6 2. c4 e6 3. g3 c5 4. d5 exd5 5. cxd5 d6 6. Nc3 g6 7. Bg2 Bg7 8. Nf3 0-0 9. 0-0 Re8 10. Bf4 a6 11. a4 Nh5 12. Bg5 Qc7 13. Qd2 Nd7 14. Rfc1 b6 15. Rab1 Bb7 16. b4 Rac8 17. Nd1 Nhf6 18. Ne1 Ne4 19. Bxe4 Rxe4 20. Nf3 Nf6 21. bxc5 bxc5 22. Nc3 Ree8 23. Qd3 h6 24. Bf4 Nh5 25. Be3 Rb8 26. Nd2 Bc8 27. Rxb8 Qxb8 28. Rb1 Qc7 29. Nc4 Bf5 30. Qd2 Bxc3 31. Qxc3 Bxb1 32. Bxh6 Qe7 33. g4 Nf6 34. Bg5 Ne4 35. Bxe7 Nxc3 36. Bxd6 Rxe2 37. Bxc5 Nxd5 38. Nd6 Be4 39. Kf1 Bd3 40. Kg2 Rc2 41. Kf3 Be2+ 42. Ke4 Rxc5 43. Kd4 Ra5 44. Nc4 Rxa4 45. Kxd5 Bxc4+ 46. Ke5 Bb5 47. Kf6 Rxg4 48. f4 Rxf4+ 49. Kg5 Rf5+ 50. Kh6 Rh5# 0-1

[Event "Titled Tuesday intern op 15th June"]
[Site "Chess.com INT"]
[Date "2021.06.15"]
[Round "1"]
[White "Sarana, Alexey"]
[Black "Zemach, Roee"]
[Result "1-0"]
[WhiteElo "2640"]
[BlackElo "2275"]
[PlyCount "99"]
[EventDate "2021.06.15"]
[EventType "swiss (blitz)"]
[EventRounds "11"]
[EventCountry "USA"]
[SourceTitle "CBM 203 Extra"]
[Source "ChessBase"]
[SourceDate "2021.09.30"]
[SourceVersion "1"]
[SourceVersionDate "2021.09.30"]
[SourceQuality "1"]

1. e4 e5 2. Nf3 Nc6 3. Bc4 Bc5 4. c3 Nf6 5. d3 0-0 6. 0-0 d5 7. exd5 Nxd5 8. Re1 Bg4 9. Nbd2 Nb6 10. h3 Bh5 11. b4 Bd6 12. Bb3 Re8 13. Ne4 Bg6 14. a4 a5 15. b5 Ne7 16. Be3 Nd7 17. Qe2 Nf5 18. Bg5 Be7 19. Rad1 h6 20. Bc1 Bd6 21. g4 Nh4 22. Be3 Nxf3+ 23. Qxf3 Nf6 24. Nxf6+ Qxf6 25. Qxf6 gxf6 26. Bxh6 Rad8 27. Be3 b6 28. f3 Bc5 29. Bxc5 bxc5 30. Bc4 Rd6 31. Kf2 Red8 32. Re3 Kf8 33. Kg3 Kg7 34. h4 Bh7 35. f4 exf4+ 36. Kxf4 Kf8 37. Rd2 R6d7 38. h5 Kg7 39. Kg3 Kh6 40. Kh4 Kg7 41. Rf3 Rd6 42. Kg3 Kh6 43. Kf4 Kg7 44. Ke3 Kh6 45. Rf4 Kg5 46. Rf1 Re8+ 47. Kf2 Kxg4 48. Rg1+ Kxh5 49. Bxf7+ Kh6 50. Bxe8 1-0

[Event "Titled Tuesday intern op 15th June"]
[Site "Chess.com INT"]
[Date "2021.06.15"]
[Round "5"]
[White "Simonovic, Miroslav"]
[Black "Zemach, Roee"]
[Result "0-1"]
[WhiteElo "2119"]
[BlackElo "2275"]
[PlyCount "76"]
[EventDate "2021.06.15"]
[EventType "swiss (blitz)"]
[EventRounds "11"]
[EventCountry "USA"]
[SourceTitle "CBM 203 Extra"]
[Source "ChessBase"]
[SourceDate "2021.09.30"]
[SourceVersion "1"]
[SourceVersionDate "2021.09.30"]
[SourceQuality "1"]

1. d4 Nf6 2. Bg5 d5 3. Bxf6 gxf6 4. e3 c5 5. c4 cxd4 6. Qxd4 dxc4 7. Qxd8+ Kxd8 8. Bxc4 e6 9. Nc3 Nc6 10. 0-0-0+ Ke7 11. Nge2 Bd7 12. Nd4 Ne5 13. Bb5 Rc8 14. Bxd7 Nxd7 15. Rd2 Bg7 16. Rhd1 Rhd8 17. Ndb5 a6 18. Nd6 Rc7 19. Kb1 f5 20. e4 f4 21. g3 fxg3 22. hxg3 Rb8 23. f4 Bxc3 24. bxc3 Rxc3 25. Nxf7 Nc5 26. Ng5 Rxg3 27. Rh1 Rh8 28. Rxh7+ Rxh7 29. Nxh7 Nxe4 30. Rb2 b5 31. Rh2 a5 32. Rh5 a4 33. Ng5 Nxg5 34. fxg5 b4 35. Rh4 b3 36. Rxa4 bxa2+ 37. Kxa2 Rxg5 38. Kb2 Rc5 0-1

[Event "Titled Tuesday intern op 15th June"]
[Site "Chess.com INT"]
[Date "2021.06.15"]
[Round "6"]
[White "Zemach, Roee"]
[Black "Kretov, Evgenij"]
[Result "1-0"]
[WhiteElo "2275"]
[BlackElo "2269"]
[PlyCount "113"]
[EventDate "2021.06.15"]
[EventType "swiss (blitz)"]
[EventRounds "11"]
[EventCountry "USA"]
[SourceTitle "CBM 203 Extra"]
[Source "ChessBase"]
[SourceDate "2021.09.30"]
[SourceVersion "1"]
[SourceVersionDate "2021.09.30"]
[SourceQuality "1"]

1. d4 Nf6 2. c4 c5 3. d5 e5 4. Nc3 d6 5. e4 Nbd7 6. g3 Be7 7. Bg2 0-0 8. Nf3 Ne8 9. 0-0 g6 10. Ne1 Ng7 11. Nd3 Re8 12. f4 exf4 13. Bxf4 g5 14. Be3 Bf6 15. Qd2 Ne5 16. Nxe5 Rxe5 17. Rf2 Ne8 18. Raf1 Kg7 19. Ne2 h6 20. Nc1 Bg4 21. Nd3 Re7 22. Rxf6 Nxf6 23. Bxg5 hxg5 24. Qxg5+ Kf8 25. Rxf6 Rd7 26. Nf4 Qa5 27. Qxg4 Qe1+ 28. Bf1 Ke7 29. Rxf7+ Kxf7 30. Qxd7+ Kg8 31. Qe6+ Kg7 32. Qe7+ Kg8 33. h4 Qxg3+ 34. Ng2 Rf8 35. Qg5+ Qxg5 36. hxg5 Kg7 37. Ne3 Kg6 38. Nf5 Rd8 39. Kf2 Kxg5 40. Ke3 a6 41. a4 b6 42. Be2 Rd7 43. b3 Rd8 44. Bf3 Rd7 45. Bg2 Kg4 46. Bf3+ Kg5 47. Be2 Rd8 48. Ng3 Rh8 49. Nh5 Rh7 50. e5 dxe5 51. Ke4 Re7 52. d6 Re8 53. Ng7 Rg8 54. Ne6+ Kf6 55. Kd5 e4 56. d7 e3 57. d8Q+ 1-0